MARC details
| 000 -LEADER |
| campo de control de longitud fija |
01564nam a2200337 i 4500 |
| 001 - NÚMERO DE CONTROL |
| campo de control |
123020 |
| 003 - IDENTIFICADOR DE NÚMERO DE CONTROL |
| campo de control |
ES-MaACL |
| 005 - FECHA Y HORA DE LA ÚLTIMA TRANSACCIÓN |
| campo de control |
20251217113156.0 |
| 007 - CAMPO FIJO DE DESCRIPCIÓN FÍSICA--INFORMACIÓN GENERAL |
| campo de control de longitud fija |
t| |
| 008 - DATOS DE LONGITUD FIJA--INFORMACIÓN GENERAL |
| campo de control de longitud fija |
070214s1927 sp |||| | spa d |
| 080 ## - NÚMERO DE LA CLASIFICACIÓN DECIMAL UNIVERSAL |
| Número de la Clasificación Decimal Universal |
929 Bonilla y San Martín, Adolfo |
| 080 ## - NÚMERO DE LA CLASIFICACIÓN DECIMAL UNIVERSAL |
| Número de la Clasificación Decimal Universal |
012 Bonilla y San Martín, Adolfo |
| 100 1# - ENTRADA PRINCIPAL--NOMBRE DE PERSONA |
| Nombre de persona |
Puyol y Alonso, Julio, |
| Fechas asociadas al nombre |
1865-1937 |
| 9 (RLIN) |
94454 |
| 245 10 - MENCIÓN DEL TÍTULO |
| Título |
Adolfo Bonilla y San Martín (1875-1926) : |
| Resto del título |
su vida y sus obras / |
| Mención de responsabilidad, etc. |
Julio Puyol. |
| 260 ## - PUBLICACIÓN, DISTRIBUCIÓN, ETC. |
| Lugar de publicación, distribución, etc. |
Madrid : |
| Nombre del editor, distribuidor, etc. |
[s.n.], |
| Fecha de publicación, distribución, etc. |
1927 ( |
| Fabricante |
Tip. de la "Revista de Archivos") |
| 300 ## - DESCRIPCIÓN FÍSICA |
| Extensión |
274 p. : |
| Otras características físicas |
1 retr. ; |
| Dimensiones |
21 cm. |
| 505 8# - NOTA DE CONTENIDO CON FORMATO |
| Nota de contenido con formato |
Contiene: Biografía . La obra de Bonilla . Bibliografía: Catálogo cronológico... Índice por materias... |
| 530 ## - NOTA DISPONIBLE DE FORMULARIO FÍSICO ADICIONAL |
| Nota de formato físico adicional disponible |
Disponible en formato digital. |
| 594 ## - Nota al título y mención de responsabilidad |
| Nota al título y mención de responsabilidad |
Precede al tít.: Real Academia de Ciencias Morales y Políticas. |
| 599 ## - NOTA A LAS ILUSTRACIONES |
| NOTA A LAS ILUSTRACIONES |
Retr. de Adolfo Bonilla y San Martín: "Foto. Padró. Fototipia Hauser y Menet" |
| 600 14 - PUNTO DE ACCESO ADICIONAL DE MATERIA--NOMBRE DE PERSONA |
| Nombre de persona |
Bonilla y San Martín, Adolfo, |
| Fechas asociadas al nombre |
1875-1926 |
| 9 (RLIN) |
30193 |
| 600 14 - PUNTO DE ACCESO ADICIONAL DE MATERIA--NOMBRE DE PERSONA |
| Nombre de persona |
Bonilla y San Martín, Adolfo, |
| Fechas asociadas al nombre |
1875-1926- |
| Subdivisión de forma |
Bibliografías |
| 9 (RLIN) |
173154 |
| 700 1# - ENTRADA AGREGADA--NOMBRE PERSONAL |
| Nombre de persona |
Padró, José. |
| 9 (RLIN) |
173155 |
| 710 2# - ENTRADA AGREGADA--NOMBRE DE ENTIDAD CORPORATIVA |
| Nombre de entidad corporativa o nombre de jurisdicción como elemento de entrada |
Real Academia de Ciencias Morales y Políticas (España) |
| 9 (RLIN) |
222050 |
| 710 2# - ENTRADA AGREGADA--NOMBRE DE ENTIDAD CORPORATIVA |
| Nombre de entidad corporativa o nombre de jurisdicción como elemento de entrada |
Hauser y Menet (Madrid) |
| 9 (RLIN) |
4558 |
| 852 ## - LOCALIZACIÓN |
| Ubicación |
ES-MaACL |
| Número de control de estantería |
F-3251 |
| Ubicación en estantería |
Depósito 2 |
| 856 4# - LOCALIZACIÓN Y ACCESO ELECTRÓNICOS |
| Identificador Uniforme de Recursos |
<a href="http://bdh-rd.bne.es/viewer.vm?id=0000227310&page=1 ">http://bdh-rd.bne.es/viewer.vm?id=0000227310&page=1 </a> |
| Texto de enlace |
(Biblioteca Digital Hispánica) |
| 856 4# - LOCALIZACIÓN Y ACCESO ELECTRÓNICOS |
| Identificador Uniforme de Recursos |
<a href="https://bibliotecadigital.jcyl.es/es/consulta/registro.do?id=4929">https://bibliotecadigital.jcyl.es/es/consulta/registro.do?id=4929</a> |
| Texto de enlace |
(Biblioteca Digital de Castilla y León) |
| 942 ## - ELEMENTOS DE ENTRADA SECUNDARIOS (KOHA) |
| Fuente del sistema de clasificación o colocación |
Clasificación decimal universal |